| 000 | 00435 a2200169 4500 | ||
|---|---|---|---|
| 001 | 132093 | ||
| 003 | OSt | ||
| 005 | 20211011111024.0 | ||
| 008 | |||
| 082 |
_a510.2462 _bR18A |
||
| 100 | 1 | _aRao, H.S. Govinda | |
| 245 | 1 |
_aAdvanced engineering mathematics _cby H.S. Govinda Rao |
|
| 260 |
_aNew Delhi _bViva Books _c2009 |
||
| 300 | _a490p. | ||
| 690 | _aEngineering mathematics | ||
| 942 |
_2ddc _cBK |
||
| 999 |
_c6478 _d6478 |
||